[Event "Budapest FS11 IM-B"]
[Site "Budapest"]
[Date "1993.??.??"]
[Round "1"]
[White "Kubacsny, Laszlo"]
[Black "Pigott, John C"]
[Result "1-0"]
[WhiteElo "2320"]
[BlackElo "2380"]

1.e4 c5 2.Nf3 d6 3.d4 cxd4 4.Nxd4 Nf6 5.Nc3 a6 6.Be3 e6 7.f3 b5 8.g4 Bb7
9.g5 Nfd7 10.Rg1 Nb6 11.a3 N8d7 12.f4 Nc5 13.Bd3 d5 14.e5 Nc4 15.Bxc4 dxc4
16.f5 Qc7 17.Qe2 Qxe5 18.O-O-O O-O-O 19.Rge1 exf5 20.Qf1 Ne4 21.Nxf5 Rxd1+
22.Nxd1 Bc5 23.Bxc5 Qxc5 24.Qf4 g6 25.Nh6 Nd6 26.h4 Bd5 27.Re5 Qc6 28.Qd4  1-0

[Event "Budapest FS08 GM"]
[Site "Budapest"]
[Date "1993.??.??"]
[Round "3"]
[White "Fogarasi, Tibor"]
[Black "Loginov, Valery A"]
[Result "1-0"]
[WhiteElo "2440"]
[BlackElo "2505"]

1.e4 c5 2.Nf3 d6 3.d4 cxd4 4.Nxd4 Nf6 5.Nc3 a6 6.Be3 e5 7.Nb3 Be6 8.f4 exf4
9.Bxf4 Nc6 10.Qd2 d5 11.O-O-O Nxe4 12.Nxe4 dxe4 13.Qe3 Qc8 14.Qxe4 Be7 15.Bd3 Nb4
16.Nd4 Nxd3+ 17.Rxd3 O-O 18.Rc3 Qe8 19.Nxe6 fxe6 20.Qxe6+ Kh8 21.g3 Bf6 22.Qxe8 Rfxe8
23.Re3 Kg8 24.c3 Kf7 25.Rhe1 Rxe3 26.Rxe3 Rc8 27.Kc2 Rc5 28.Rd3 b5 29.Rd7+ Kg6
30.Kd3 Rc6 31.Rd6 Rxd6+ 32.Bxd6 Kf5 33.h3 h5 34.b3 Ke6 35.Bc7 Kd5 36.Bb6 Be5
37.Bf2 g6 38.c4+ bxc4+ 39.bxc4+ Kc6 40.Ke4 Bd6 41.Kf3 Bc7 42.Be3 Be5 43.g4 hxg4+
44.Kxg4 Bf6 45.Kf4 Kd6 46.Ke4 Bd8 47.c5+ Ke6 48.Bf4 Bf6 49.c6 Bc3 50.Kd3 Be1
51.Kd4 Bf2+ 52.Be3 Bg3 53.Kc5 Bc7 54.Bh6 Ke5 55.a4 Ke6 56.Bg7 Ba5 57.Bd4 Ke7
58.Kd5 Kd8 59.Be5 Bd2 60.Bd6 Kc8 61.Ke6 g5 62.Kd5 Be3 63.Be5 Bf2 64.Bd4 Bg3
65.Be3 Bh4 66.Kd6 Kd8 67.c7+ Kc8 68.Kc6 Bg3 69.Bxg5 a5 70.Be7 Bxc7 71.h4 Bg3
72.h5 Bf4 73.Bf6 Bd2 74.Kd6 Kb7 75.Ke6 Kc6 76.Kf5 Kd7 77.Bg5 Bc3 78.h6 Ke8
79.Bf6  1-0

[Event "Budapest FS04 IM"]
[Site "Budapest"]
[Date "1993.??.??"]
[Round "5"]
[White "Werner, Marc"]
[Black "Yip, Michael"]
[Result "1/2-1/2"]
[WhiteElo "2350"]
[BlackElo "2100"]

1.e4 c5 2.Nf3 d6 3.d4 cxd4 4.Nxd4 Nf6 5.Nc3 a6 6.Be3 e6 7.f3 b5 8.g4 h6 9.h4 b4
10.Nce2 e5 11.Nb3 d5 12.Ng3 d4 13.Bf2 Be6 14.Bd3 Nbd7 15.Qe2 a5 16.Nd2 Qc7
17.b3 a4 18.Rd1 a3 19.Kf1 O-O-O 20.Ba6+ Kb8 21.Bc4  1/2-1/2

[Event "Budapest FS08 GM"]
[Site "Budapest"]
[Date "1993.??.??"]
[Round "5"]
[White "Tolnai, Tibor"]
[Black "Ruck, Robert"]
[Result "0-1"]
[WhiteElo "2490"]
[BlackElo "2415"]

1.e4 c5 2.Nf3 d6 3.d4 cxd4 4.Nxd4 Nf6 5.Nc3 a6 6.Be3 Ng4 7.Bc1 Nf6 8.Bg5 e6
9.f4 Be7 10.Qf3 Qc7 11.O-O-O Nbd7 12.Bd3 h6 13.h4 Nc5 14.g4 hxg5 15.hxg5 Rxh1
16.Rxh1 Nfd7 17.g6 fxg6 18.Rh8+ Nf8 19.f5 Bg5+ 20.Kb1 Qf7 21.Qg3 Nxd3 22.cxd3 Be7
23.a3 Bd7 24.fxe6 Bxe6 25.Nxe6 Qxe6 26.Nd5 O-O-O 27.Qf2 Kb8 28.Qb6 Qd7 29.Rh1 Ne6
30.Rc1 Bf6 31.Rc4 Qb5 32.Qf2 Rc8 33.g5 Be5 34.Nb6 Rxc4 35.Nxc4 Qc5 36.Qf7 Nd4
37.Qxg6 Ka7 38.Qf7 Nb5 39.Ka2 Nd4 40.Qf2 Nc6 41.Qf7 Bd4 42.Qf8 Qxg5 43.Qxd6 Qc5
44.Qc7 Nb4+  0-1

[Event "Budapest FS08 GM"]
[Site "Budapest"]
[Date "1993.??.??"]
[Round "7"]
[White "Szalanczy, Emil"]
[Black "Ruck, Robert"]
[Result "1/2-1/2"]
[WhiteElo "2360"]
[BlackElo "2415"]

1.e4 c5 2.Nf3 d6 3.d4 cxd4 4.Nxd4 Nf6 5.Nc3 a6 6.Be3 Ng4 7.Bg5 h6 8.Bh4 g5
9.Bg3 Bg7 10.h3 Ne5 11.Be2 Nbc6 12.Nb3 Be6 13.Nd5 Rc8 14.O-O Ng6 15.c3 Be5
16.Bg4 Bxg4 17.Qxg4 e6 18.Ne3 h5 19.Qf3 Bxg3 20.Qxg3 Nf4 21.Kh1 Ne5 22.Rad1 h4
23.Qh2 Qb6 24.Rd2 Ke7 25.Rfd1 Nc4 26.Nxc4 Rxc4 27.f3 Rhc8 28.Nd4 Qc5 29.Qg1 b5
30.a3 Rc7 31.Qe1 Qe5 32.Qe3 d5 33.Re1 dxe4 34.fxe4 f6 35.Nf3 Qc5 36.e5 Qxe3
37.exf6+ Kxf6 38.Rxe3 a5 39.Ne5 Ra4 40.Rd7 Rxd7 41.Nxd7+ Kf7 42.Nb6 Nd5 43.Nxd5 exd5
44.Re5 b4 45.axb4 axb4 46.Rxd5 Ra1+ 47.Kh2 bxc3 48.bxc3 Kf6 49.Rc5 Rc1 50.Rc8 Ke5
51.c4 Kd6 52.Rg8 Rxc4 53.Rxg5 Ke6 54.Kg1 Kf6 55.Rg8 Rf4 56.Ra8 Kg5 57.Ra5+ Kg6
58.Ra3 Kg5 59.Re3 Kf5 60.Rf3 Ke4 61.Ra3 Kf5 62.Ra5+ Kg6 63.Kh2 Kh6 64.Ra8 Kg5
65.Rg8+ Kh5 66.Kg1 Kh6 67.Kh1 Rf1+ 68.Kh2 Rf4 69.Rg4 Rxg4 70.hxg4 Kg6 71.Kh3 Kg5
72.g3 hxg3 73.Kxg3 Kg6 74.Kf4 Kf6 75.g5+ Kg6 76.Kg4 Kg7 77.Kf5 Kf7 78.g6+ Kg7
79.Kg5 Kg8 80.Kf6 Kf8 81.Kg5 Kg7 82.Kh5 Kg8 83.Kh6 Kh8 84.g7+ Kg8 85.Kg6  1/2-1/2

[Event "Budapest FS04 GM"]
[Site "Budapest"]
[Date "1993.??.??"]
[Round "7"]
[White "Szalanczy, Emil"]
[Black "Loginov, Valery A"]
[Result "1/2-1/2"]
[WhiteElo "2365"]
[BlackElo "2505"]

1.e4 c5 2.Nf3 d6 3.d4 cxd4 4.Nxd4 Nf6 5.Nc3 a6 6.Be3 e5 7.Nb3 Be6 8.Nd5 Nbd7
9.f3 Nxd5 10.exd5 Bf5 11.Bd3 Bxd3 12.Qxd3 Be7 13.O-O-O Bg5 14.Kb1 Bxe3 15.Qxe3 O-O
16.c4 a5 17.Rc1 Qf6 18.a4 Qg6+ 19.Ka2 b6 20.h4 h6 21.g4 f5 22.Rcg1 f4 23.Qc3 Nc5
24.h5 Qg5 25.Ka3 Rfc8 26.Nd2 Rc7 27.Qc2 Rac8 28.Re1 Qd8 29.Rhg1 Qg5 30.Re2 Rf8
31.Ne4 Nxe4 32.Qxe4 Rfc8 33.Rc2 Rc5 34.Rc3 Qf6 35.g5 hxg5 36.Rc2 Qh6 37.b3 Qh7
38.Qxh7+ Kxh7 39.Rcg2 R5c7 40.Rxg5 Rf8 41.Kb2 Re7 42.Kc3 e4 43.fxe4 f3 44.R5g4 f2
45.Rf1 Rf3+ 46.Kd4 Ref7 47.Rg6 R7f6 48.Rg4 Rxb3 49.e5 dxe5+ 50.Kxe5 Re3+
51.Re4 Rh3 52.Rf4 Rxh5+ 53.Ke4 Kg6 54.R1xf2 Kf7 55.Kd4 Rxf4+ 56.Rxf4+ Ke7
57.Rg4 g5 58.Ke5 Kd7 59.Kf5 Rh1 60.Rxg5 Rf1+ 61.Ke5 Rc1 62.Kd4 Rd1+ 63.Kc3 Rc1+
64.Kd3 Rd1+ 65.Kc2 Ra1 66.Rg7+ Kc8 67.Kb3 Rb1+ 68.Kc3 Rb4 69.Rg6 Kb7 70.Rg7+ Kc8
71.Rg8+ Kc7 72.Rg7+ Kc8  1/2-1/2

[Event "Budapest FS04 GM"]
[Site "Budapest"]
[Date "1993.??.??"]
[Round "9"]
[White "Szalanczy, Emil"]
[Black "Zagrebelny, Sergey"]
[Result "0-1"]
[WhiteElo "2365"]
[BlackElo "2490"]

1.e4 c5 2.Nf3 d6 3.d4 cxd4 4.Nxd4 Nf6 5.Nc3 a6 6.Be3 e5 7.Nb3 Be6 8.Qd2 Be7
9.f3 O-O 10.O-O-O b5 11.Kb1 Nbd7 12.Qf2 Qc7 13.g4 b4 14.Nd5 Bxd5 15.exd5 Rfb8
16.g5 Nh5 17.Bd3 a5 18.Rc1 a4 19.Nd2 a3 20.b3 Nf4 21.Qh4 h6 22.Bxf4 exf4
23.Qe1 Bxg5 24.Ne4 Ne5 25.h4 Be7 26.Qd2 f5 27.Nf2 Nxf3  0-1

[Event "Budapest FS04 GM"]
[Site "Budapest"]
[Date "1993.??.??"]
[Round "10"]
[White "Zagrebelny, Sergey"]
[Black "Loginov, Valery A"]
[Result "1/2-1/2"]
[WhiteElo "2490"]
[BlackElo "2505"]

1.e4 c5 2.Nf3 d6 3.d4 cxd4 4.Nxd4 Nf6 5.Nc3 a6 6.Be3 e5 7.Nf3 Qc7 8.a4 Be7
9.a5 O-O 10.Be2 Nbd7 11.O-O b5 12.axb6 Nxb6 13.Qd3 Bb7 14.Nd2 Rfb8 15.Ra2 a5
16.Rfa1 Ba6 17.Bxb6 Qxb6 18.Qf3 Bd8 19.Bxa6 Qxa6 20.b3 Nd7 21.Nc4 Nc5 22.Rd1 Nb7
23.Qg4 Qc6 24.h4 Ra6 25.h5 Qc8 26.Qe2 Rba8 27.Na4 Qc6 28.Raa1 Bc7 29.Rd5 Nd8
30.Qe3 Ne6 31.g3 h6 32.Rad1 Nd4 33.Qd3 Re8 34.Nc3 Re6 35.Ne2 Nxe2+ 36.Qxe2 Rf6
37.Kg2 Ra8 38.Ne3 Kf8 39.Nf5 a4 40.bxa4 Rxa4 41.Qd3 Rc4 42.Nxd6 Bxd6 43.Rxd6 Rxd6
44.Qxd6+ Qxd6 45.Rxd6 Rxc2 46.Rd5 f6 47.Rd7 Ra2  1/2-1/2

[Event "Budapest FS12 IM-A"]
[Site "Budapest"]
[Date "1993.??.??"]
[Round "12"]
[White "Segal, Anna"]
[Black "Orso, Miklos"]
[Result "1/2-1/2"]
[WhiteElo "2175"]
[BlackElo "2390"]

1.e4 c5 2.Nf3 d6 3.d4 cxd4 4.Nxd4 Nf6 5.Nc3 a6 6.Be3 Ng4 7.Bg5 h6 8.Bh4 g5
9.Bg3 Bg7 10.Be2 h5 11.Bxg4 Bxg4 12.f3 Bd7 13.Bf2 Nc6 14.Qd2 Qa5 15.Nd5 Qxd2+
16.Kxd2 Rc8 17.c3 Ne5 18.b3 g4 19.f4 Nc6 20.Nb6 Rd8 21.Be3 Kf8 22.Rac1 Be8
23.h3 g3 24.h4 Rg8 25.Ne2 f5  1/2-1/2

[Event "Calcutta op"]
[Site "Calcutta"]
[Date "1993.??.??"]
[Round "9"]
[White "Gufeld, Eduard"]
[Black "Ermenkov, Evgenij"]
[Result "1-0"]
[WhiteElo "2480"]
[BlackElo "2505"]

1.e4 c5 2.Nf3 d6 3.d4 Nf6 4.Nc3 cxd4 5.Nxd4 a6 6.Be3 e6 7.Be2 Qc7 8.a4 Nc6
9.O-O Be7 10.f4 O-O 11.Kh1 Re8 12.Bf3 Rb8 13.Qe2 Nd7 14.Qf2 Bf8 15.Rad1 Nxd4
16.Bxd4 b6 17.e5 Bb7 18.exd6 Bxd6 19.Bxb7 Rxb7 20.Bxg7 Kxg7 21.Qd4+ Nf6  1-0

[Event "Cannes op2"]
[Site "Cannes"]
[Date "1993.??.??"]
[Round "?"]
[White "Lanka, Zigurds"]
[Black "Sadler, Matthew"]
[Result "1-0"]
[WhiteElo "2545"]
[BlackElo "2540"]

1.e4 c5 2.Nf3 d6 3.d4 cxd4 4.Nxd4 Nf6 5.Nc3 a6 6.Be3 e5 7.Nb3 Be7 8.Qd2 O-O
9.f3 Be6 10.O-O-O b5 11.g4 b4 12.Nd5 Bxd5 13.exd5 a5 14.Kb1 Nbd7 15.g5 Nh5
16.Bb5 Nb6 17.Qf2 Nc8 18.Bc6 Rb8 19.h4 Qc7 20.f4 a4 21.Bxa4 exf4 22.Bxf4 Nb6
23.Bc6 g6 24.Rhe1 Nc4 25.Qd4 Ne5 26.Rxe5 dxe5 27.Qxe5 Qxe5 28.Bxe5 Rbc8 29.Na5 h6
30.d6 Bd8 31.d7 Bxa5 32.dxc8=Q Rxc8 33.Bf3 hxg5 34.hxg5 Re8 35.Bd6 Re3 36.Bd5 Ng7
37.b3 Ne6 38.Bc4 Re4 39.Be7 Bc7 40.Bxb4 Nxg5 41.a4 Re5 42.Rd7  1-0

[Event "Capablanca mem-B"]
[Site "?"]
[Date "1993.??.??"]
[Round "11"]
[White "Rodriguez, Amador"]
[Black "Alonso, Rene"]
[Result "1/2-1/2"]
[WhiteElo "2480"]
[BlackElo "2380"]

1.e4 c5 2.Nf3 d6 3.d4 cxd4 4.Nxd4 Nf6 5.Nc3 a6 6.Be3 Ng4 7.Bg5 h6 8.Bh4 g5
9.Bg3 Bg7 10.Qd2 Nc6 11.Nb3 Be6 12.h4 gxh4 13.Bxh4 Rc8 14.f3 Nge5 15.Bf2 Bc4
16.Be2 b5 17.Nd5 Bxe2 18.Qxe2 Nc4 19.c3 N6e5 20.Kf1 Ng6 21.g3 e6 22.Ne3 Qc7
23.Kg2 h5 24.a4 h4 25.axb5 hxg3 26.Rxh8+ Bxh8 27.Bxg3 axb5 28.Ng4  1/2-1/2

[Event "Cappelle op"]
[Site "Cappelle la Grande"]
[Date "1993.??.??"]
[Round "2"]
[White "Czebe, Attila"]
[Black "Gurevich, Vladimir"]
[Result "1/2-1/2"]
[WhiteElo "2270"]
[BlackElo "2425"]

1.e4 c5 2.Nf3 d6 3.d4 cxd4 4.Nxd4 Nf6 5.Nc3 a6 6.Be3 e6 7.f4 b5 8.Qf3 Bb7
9.Bd3 Nbd7 10.a3 Rc8 11.O-O-O Rxc3 12.bxc3 Nc5 13.Nb3 Ncxe4 14.Bd4 Qc7 15.Bxe4 Nxe4
16.Rhe1 d5 17.Kb2 f6 18.Qh5+ g6 19.Qh3 Kf7 20.g4 e5 21.fxe5 fxe5 22.Rxe4 dxe4
23.Bc5 Bxc5 24.Nxc5 Qxc5 25.Rd7+ Kf6 26.Rxb7 Rc8 27.Rxh7 Rc7 28.g5+ Kxg5
29.Qg3+ Kf6 30.Rh6 Rg7  1/2-1/2

[Event "Cappelle op"]
[Site "Cappelle la Grande"]
[Date "1993.??.??"]
[Round "8"]
[White "Stefansson, Hannes"]
[Black "Gurevich, Vladimir"]
[Result "1-0"]
[WhiteElo "2495"]
[BlackElo "2425"]

1.e4 c5 2.Nf3 d6 3.d4 cxd4 4.Nxd4 Nf6 5.Nc3 a6 6.Be3 e6 7.g4 h6 8.h3 b5 9.a3 Bb7
10.Bg2 Nbd7 11.Nde2 Be7 12.f4 Qc7 13.O-O Nb6 14.b3 O-O-O 15.Qe1 d5 16.e5 Nfd7
17.a4 b4 18.a5 Bc5 19.Nd1 Na8 20.Bxc5 Qxc5+ 21.Qf2 Kb8 22.Qxc5 Nxc5 23.Nd4 Nc7
24.Nb2 Nb5 25.Nxb5 axb5 26.f5 Rc8 27.fxe6 fxe6 28.Rf7 Na6 29.Rc1 g5 30.Bf1 Bc6
31.Bd3 Nc5 32.Rcf1 Nd7 33.Re1 Nc5 34.Ref1 h5 35.Bh7 hxg4 36.hxg4 d4 37.Rg7 Rc7
38.Rxc7 Kxc7 39.Rf7+ Kb8 40.Rg7 Bf3 41.Nd3 Na6 42.Nf2 Nc5 43.Bd3 Nxd3 44.Nxd3 Bxg4
45.Nxb4 Bf3 46.Rxg5 Rc8 47.Rg6 Be4 48.Rxe6 Bxc2 49.Nc6+  1-0

[Event "Cattolica"]
[Site "Cattolica"]
[Date "1993.??.??"]
[Round "3"]
[White "Tolnai, Tibor"]
[Black "Wachinger, Guenther"]
[Result "1-0"]
[WhiteElo "2490"]
[BlackElo "2260"]

1.e4 c5 2.Nf3 d6 3.d4 cxd4 4.Nxd4 Nf6 5.Nc3 a6 6.Be3 e5 7.Nb3 Be6 8.Qd2 Nbd7
9.O-O-O Be7 10.f3 b5 11.Kb1 O-O 12.g4 Nb6 13.g5 Nh5 14.h4 Nc4 15.Bxc4 bxc4
16.Nc1 Qc7 17.N1e2 Rfb8 18.Qe1 Rb7 19.Bc1 Rab8 20.Nd5 Bxd5 21.Rxd5 Qc6 22.Qc3 Bd8
23.Rhd1 Bc7 24.f4 Nxf4 25.Nxf4 exf4 26.b3  1-0

[Event "Ceske Budejovice op"]
[Site "Ceske Budejovice"]
[Date "1993.??.??"]
[Round "2"]
[White "Dranov, Aleksandar"]
[Black "Paulovic, Martin"]
[Result "1-0"]
[WhiteElo "2340"]
[BlackElo "2055"]

1.e4 c5 2.Nf3 d6 3.d4 cxd4 4.Nxd4 Nf6 5.Nc3 a6 6.Be3 e5 7.Nb3 Be7 8.Be2 O-O
9.g4 Be6 10.g5 Nfd7 11.Qd2 Nb6 12.O-O-O N8d7 13.f4 exf4 14.Bxf4 Ne5 15.Nd4 Qd7
16.Nxe6 Qxe6 17.Qd4 Ned7 18.Rhg1 Rad8 19.Bg4 Qc4 20.Nd5 Rfe8 21.Nxe7+ Rxe7
22.Qxc4 Nxc4 23.Bxd6  1-0

[Event "JUG-chT"]
[Site "Cetinje"]
[Date "1993.??.??"]
[Round "?"]
[White "Knezevic, Bojan"]
[Black "Tadic, Branko"]
[Result "1-0"]
[WhiteElo "2290"]
[BlackElo "2230"]

1.e4 c5 2.Nf3 d6 3.d4 cxd4 4.Nxd4 Nf6 5.Nc3 a6 6.Be3 e5 7.Nb3 Be7 8.f3 Be6
9.Qd2 Nbd7 10.g4 Nb6 11.O-O-O Rc8 12.Kb1 Qc7 13.h4 Nc4 14.Bxc4 Bxc4 15.Nd5 Nxd5
16.exd5 b6 17.Nc1 a5 18.Rh2 O-O 19.b3 Bb5 20.c4 Bd7 21.a4 f5 22.g5 f4 23.Bg1 Bf5+
24.Ka2 h6 25.gxh6 gxh6 26.Nd3 Qd8 27.Qe2 Rb8 28.Nf2 Bxh4 29.Ne4 Bxe4 30.Qxe4 Bg5
31.Qg6+ Kh8 32.Rxh6+ Bxh6 33.Qxh6+ Kg8 34.Qg6+ Kh8 35.Bf2  1-0

[Event "Cherepovets"]
[Site "Cherepovets"]
[Date "1993.??.??"]
[Round "?"]
[White "Zaitsev, Igor A"]
[Black "Mitenkov, Alexey"]
[Result "1/2-1/2"]
[WhiteElo "2450"]
[BlackElo "2420"]

1.e4 c5 2.Nf3 d6 3.d4 cxd4 4.Nxd4 Nf6 5.Nc3 a6 6.Be3 e5 7.Nf3 Qc7 8.g3 b5
9.Bg2 Bb7 10.O-O Nbd7 11.Ne1 Be7 12.Nd3 Qc4 13.Re1 O-O 14.Nd5 Nxd5 15.exd5 a5
16.b3 Qc3 17.Rc1 b4 18.Bd2 Qd4 19.Be3 Qc3 20.Bd2 Qd4 21.Bf4 Ba6 22.Be3 Qc3
23.Bd2 Qd4 24.Be3 Qc3 25.Bd2 Qd4  1/2-1/2

[Event "CUB-ch"]
[Site "?"]
[Date "1993.??.??"]
[Round "2"]
[White "Arencibia, Walter"]
[Black "Alonso, Rene"]
[Result "1-0"]
[WhiteElo "2485"]
[BlackElo "2345"]

1.e4 c5 2.Nf3 d6 3.d4 cxd4 4.Nxd4 Nf6 5.Nc3 a6 6.Be3 e5 7.Nf3 Be7 8.a4 O-O
9.a5 Be6 10.Ng5 d5 11.Nxe6 fxe6 12.exd5 Nxd5 13.Qg4 Nxe3 14.Qxe6+ Kh8 15.fxe3 Nc6
16.Bd3 Bh4+ 17.g3 Qg5 18.O-O-O Qxe3+ 19.Kb1 Bg5 20.Ne4 Be7 21.c3 Rad8 22.Bc2 Qh6
23.Qxh6 gxh6 24.b4 Kg7 25.Bb3 Rxd1+ 26.Rxd1 Rd8 27.Rxd8 Bxd8 28.Be6 Na7 29.Kc2 Be7
30.Kd3 Nc6 31.Kc4 Nd8 32.Bc8 Bg5 33.Nd6 Nf7 34.Nxf7 Kxf7 35.Bxb7 Ke7 36.Bxa6 Kd6
37.Bb7 Be3 38.Be4  1-0

[Event "CUB-ch"]
[Site "?"]
[Date "1993.??.??"]
[Round "4"]
[White "Arencibia, Walter"]
[Black "Gonzalez, JC."]
[Result "1-0"]
[WhiteElo "2485"]
[BlackElo "2465"]

1.e4 c5 2.Nf3 d6 3.d4 cxd4 4.Nxd4 Nf6 5.Nc3 a6 6.Be3 e5 7.Nf3 h6 8.a4 Be6
9.a5 Nbd7 10.Be2 Rc8 11.O-O Be7 12.Nd2 O-O 13.Bf3 Qc7 14.Qe2 Qc6 15.Rfd1 Rfe8
16.Nb3 Bf8 17.Rd2 Qc7 18.Qd1 Qb8 19.Ra4 Rc4 20.Rxc4 Bxc4 21.Be2 Be6 22.f3 Be7
23.Qa1 Qc7 24.Qa4 Rd8 25.Qb4 Qc6 26.f4 Bf8 27.f5 Bxb3 28.Qxb3 Nc5 29.Qc4 Rc8
30.Bf3 Qe8 31.Qa2 Qc6 32.Qc4 Qe8 33.Qe2 Na4 34.Nd1 Qd8 35.b3 Nc3 36.Nxc3 Rxc3
37.Bb6 Qc8 38.Qd1 Be7 39.Re2 Qc6 40.Bf2 Qc7 41.Be1 Rc6 42.g3 Qb8 43.Kg2 b6
44.axb6 Qxb6 45.g4 Rc8 46.h4 Nd7 47.Qd2 Qd8 48.Kh3 Kf8 49.Rg2 Qb6 50.g5 hxg5
51.hxg5 f6 52.g6 Qc6 53.Re2 Bd8 54.c3 Bb6 55.Qa2 Ke7 56.b4 Qc4 57.Qxc4 Rxc4
58.Ra2 Nb8 59.Kg3 Be3 60.Be2 Rc6 61.Kf3 Bh6 62.Bd3 Kd8 63.Rh2 Ke7 64.Bc2 Rc7
65.Bb3 Kf8 66.Ra2 Ke7 67.Ke2 Bf4 68.Kd3 Rc8 69.Be6 Rh8 70.Bf2 Rh3+ 71.Kc4 Rh2
72.Kb3  1-0

[Event "CUB-ch"]
[Site "?"]
[Date "1993.??.??"]
[Round "4"]
[White "Larduet, Carlos"]
[Black "Alonso, Rene"]
[Result "0-1"]
[WhiteElo "2335"]
[BlackElo "2345"]

1.e4 c5 2.Nf3 d6 3.d4 cxd4 4.Nxd4 Nf6 5.Nc3 a6 6.Be3 e5 7.Nb3 Be6 8.f4 exf4
9.Bxf4 Nc6 10.Qd2 d5 11.O-O-O Bb4 12.Qe3 d4 13.Nxd4 Bc5 14.Nce2 Qb6 15.Kb1 Ng4
16.Qg3 Nxd4 17.Bc7 Qc6 18.Nxd4 Bxd4 19.Rxd4 Rc8 20.Rd8+ Rxd8 21.Bxd8 Kxd8
22.h3 Nh6 23.Be2 Ke7 24.Qg5+ f6 25.Qxg7+ Nf7 26.Rf1 Rf8 27.Qxf6+ Ke8 28.Rd1 Bxa2+
29.Kxa2 Qxf6 30.Kb1 Ne5 31.Rd5 Ke7 32.Rc5 Rd8 33.b3 b6 34.Rc3 a5 35.g4 Qf2
36.Bb5 Qe1+ 37.Kb2 Qd2 38.Rc7+ Kf6 39.Ra7 Qd4+  0-1

[Event "CUB-ch"]
[Site "?"]
[Date "1993.??.??"]
[Round "7"]
[White "Larduet, Carlos"]
[Black "Leyva, Hector"]
[Result "0-1"]
[WhiteElo "2335"]
[BlackElo "2355"]

1.e4 c5 2.Nf3 d6 3.d4 cxd4 4.Nxd4 Nf6 5.Nc3 a6 6.Be3 e5 7.Nb3 Be7 8.f3 Be6
9.Qd2 O-O 10.O-O-O b5 11.g4 b4 12.Nd5 Bxd5 13.exd5 a5 14.Kb1 a4 15.Nc1 Qa5
16.g5 Nfd7 17.h4 Na6 18.h5 Nc7 19.g6 Bf6 20.h6 fxg6 21.Qh2 Rf7 22.Bh3 Nf8
23.hxg7 Bxg7 24.Be6 a3 25.b3 Re8 26.Bxf7+ Kxf7 27.Qh4 Nb5 28.Ne2 Rc8 29.Rd2 Rc3
30.Qe4 Nd7 31.Qg4 Nf8 32.Bh6 Bxh6 33.Rxh6 Re3 34.Kc1 Kg7 35.Rh4 Nc3 36.Nxc3 bxc3
37.Rd1 Qd8 38.Rh3 Qf6 39.Qc8 Qf4 40.Kb1 e4 41.Qc4 Qf5 42.Rh4 exf3 43.b4 f2
44.Rhh1 Qf3 45.Rhf1 Re4 46.Qd3 Rxb4+ 47.Ka1 Qxd3 48.cxd3 Rb2 49.Rc1 Re2 50.Kb1 Rb2+
51.Ka1 g5 52.Rxc3 g4 53.Rc4 h5  0-1

[Event "CUB-ch"]
[Site "?"]
[Date "1993.??.??"]
[Round "8"]
[White "Arencibia, Walter"]
[Black "Diaz, Joaquin C"]
[Result "1/2-1/2"]
[WhiteElo "2485"]
[BlackElo "2440"]

1.e4 c5 2.Nf3 d6 3.d4 cxd4 4.Nxd4 Nf6 5.Nc3 a6 6.Be3 Ng4 7.Bg5 h6 8.Bh4 g5
9.Bg3 Bg7 10.Be2 h5 11.h4 Nc6 12.Nb3 gxh4 13.Bxh4 Be6 14.Qd2 Rc8 15.f3 Nge5
16.Rd1 Nc4 17.Bxc4 Bxc4 18.Bf2 b5 19.Qg5 Bf6 20.Rxh5 Rxh5 21.Qxh5 Bxb3 22.cxb3 Qa5
23.Kf1 Bxc3 24.Qg4 Rd8 25.bxc3 Ne5 26.Qh5 Qxc3 27.Qh8+ Kd7 28.Qh3+ Kc7 29.Qh6 Kb7
30.Qe3 Qxe3 31.Bxe3 Kc7 32.Rc1+ Nc6 33.Ke2 Rh8 34.Bd4 f6 35.Be3 Kd7 36.Bd2  1/2-1/2

[Event "CZE-ch"]
[Site "?"]
[Date "1993.??.??"]
[Round "2"]
[White "Chytilek, Roman"]
[Black "Vavruska, David"]
[Result "0-1"]
[WhiteElo "2265"]
[BlackElo "2280"]

1.e4 c5 2.Nf3 d6 3.d4 cxd4 4.Nxd4 Nf6 5.Nc3 a6 6.Be3 e6 7.f3 b5 8.Qd2 Nbd7
9.g4 Nb6 10.O-O-O Nfd7 11.f4 Qc7 12.Bd3 Bb7 13.Rhe1 Be7 14.Bf2 Rc8 15.Kb1 Nc5
16.Ka1 O-O 17.g5 b4 18.Nb1 d5 19.e5 Ne4 20.Bxe4 dxe4 21.Qe2 Nc4 22.Nd2 Nxd2
23.Rxd2 Bd5 24.Kb1 a5 25.Rc1 a4 26.Nb5 Qb7 27.c4 e3 28.Bxe3 Be4+ 29.Ka1 Qxb5  0-1

[Event "Dortmund op-A"]
[Site "Dortmund"]
[Date "1993.??.??"]
[Round "8"]
[White "Kummerow, Heiko"]
[Black "Holler, Martin"]
[Result "1/2-1/2"]
[WhiteElo "2255"]
[BlackElo "2145"]

1.e4 c5 2.Nf3 d6 3.d4 cxd4 4.Nxd4 Nf6 5.Nc3 a6 6.Be3 e5 7.Nf3 Be6 8.Ng5 Qc7
9.Nxe6 fxe6 10.g3 Nc6 11.Bh3 Nd8 12.a4 Qc4 13.Qd3 Qxd3 14.cxd3 d5 15.Bd2 Bb4
16.O-O d4 17.Nb1 Bxd2 18.Nxd2 Ke7 19.f4 Nc6 20.Nf3 Nd7 21.Rac1 Rhc8 22.f5 exf5
23.Bxf5 g6 24.Bxd7 Kxd7 25.Rc5 Re8 26.Rfc1 Re7 27.Rd5+ Ke8 28.Rc4 Rd8 29.Rxd8+ Kxd8
30.b4 a5 31.bxa5 Nxa5 32.Rc5 Nc6 33.Kf1  1/2-1/2

[Event "Dortmund op-A"]
[Site "Dortmund"]
[Date "1993.??.??"]
[Round "10"]
[White "Brunner, Lucas"]
[Black "Blechzin, Igor"]
[Result "1/2-1/2"]
[WhiteElo "2455"]
[BlackElo "2355"]

1.e4 c5 2.Nf3 d6 3.d4 cxd4 4.Nxd4 Nf6 5.Nc3 a6 6.Be3 e6 7.f3 b5 8.g4 b4 9.Nce2 e5
10.Nb3 a5 11.g5 Nfd7 12.Ng3 Nb6 13.Bb5+ Bd7 14.Qe2 a4 15.Nd2 Nc6 16.h4 Rc8
17.Qd3 Nd4 18.Bxd7+ Nxd7 19.Bxd4 exd4 20.Ne2 h6 21.gxh6 Rxh6 22.O-O-O Nc5
23.Qb5+ Qd7 24.Qxd7+ Kxd7 25.Nc4 d3 26.Nf4 dxc2 27.Rd2 b3 28.Nb6+ Kd8 29.Nxc8 Kxc8
30.axb3 axb3 31.Nd5 g5 32.h5 Kd7 33.Nb6+ Kc6 34.Nc4 g4 35.fxg4 Be7 36.Rd5 Nxe4
37.Rf5 Ng3 38.Na5+ Kd7 39.Nxb3 Nxh1 40.Rxf7 Rf6 41.Rg7 Ke8 42.Kxc2 Kf8 43.Rg6 Rxg6
44.hxg6 Kg7 45.Nd4 Kxg6 46.Nc6 Bh4 47.b4 Bf2 48.Kd3 Kf7 49.Ke4 Ke6 50.g5 d5+
51.Kf3 Bb6 52.g6 d4 53.Ne5 Kf6 54.Nd7+ Kxg6 55.Nxb6 Kf5 56.Nc4 d3 57.Ke3 Ke6
58.Kxd3 Kd5 59.Ne3+ Kc6 60.Kc4 Ng3 61.b5+ Kb7  1/2-1/2

[Event "Drobeta"]
[Site "Drobeta"]
[Date "1993.??.??"]
[Round "?"]
[White "Vlad, Decebal"]
[Black "Leustean, Laurentiu"]
[Result "1-0"]
[WhiteElo "2405"]
[BlackElo "2225"]

1.e4 c5 2.Nf3 d6 3.d4 cxd4 4.Nxd4 Nf6 5.Nc3 a6 6.Be3 e6 7.Be2 Be7 8.f4 Qc7
9.O-O O-O 10.g4 Re8 11.g5 Nfd7 12.Bh5 g6 13.Bg4 Bf8 14.a4 Nc6 15.Qe2 Na5
16.Rad1 Nc4 17.Bc1 b6 18.Qf2 Bb7 19.Bh3 Rad8 20.f5 exf5 21.exf5 Nc5 22.Bg2 Ne4
23.Bxe4 Bxe4 24.Ne6 fxe6 25.Nxe4 gxf5 26.Nf6+ Kh8 27.Nxe8 Rxe8 28.b3 Ne5
29.Qe2 Bg7 30.c4 Qc6 31.Ba3 Rd8 32.Rd2 Qe4 33.Qxe4 fxe4 34.Rxd6 Rxd6 35.Bxd6 Nf3+
36.Rxf3 exf3 37.Kf2 Bd4+ 38.Kxf3 Kg7 39.Ke4 Bg1 40.b4 Kf7 41.c5 bxc5 42.bxc5 Ke8
43.c6 Kd8 44.h4  1-0

[Event "Elenite op"]
[Site "Elenite"]
[Date "1993.??.??"]
[Round "8"]
[White "Dochev, Dimitar"]
[Black "Genov, Petar"]
[Result "1-0"]
[WhiteElo "2295"]
[BlackElo "2430"]

1.e4 c5 2.Nf3 d6 3.d4 cxd4 4.Nxd4 Nf6 5.Nc3 a6 6.Be3 e6 7.Qd2 Nbd7 8.f3 Qc7
9.g4 h6 10.O-O-O Ne5 11.h4 Nfd7 12.Qf2 Nc5 13.Kb1 b5 14.Bh3 Nc4 15.Bc1 Bd7
16.g5 O-O-O 17.g6 b4 18.Nce2 e5 19.Bxd7+ Nxd7 20.Nf5 fxg6 21.Ne3 Nf6 22.Rd3 d5
23.Nxd5 Nxd5 24.exd5 Bc5 25.Qg2 Nd6 26.Qxg6 Rde8 27.Ng3 Kb7 28.Ne4 Re7 29.Be3 Nxe4
30.fxe4 Rd8 31.Qc6+ Qxc6 32.dxc6+ Kxc6 33.Bxc5  1-0

[Event "ESP-chT"]
[Site "?"]
[Date "1993.??.??"]
[Round "?"]
[White "De la Villa Garcia, Jesus Maria"]
[Black "Gamundi, Antonio"]
[Result "1-0"]
[WhiteElo "2440"]
[BlackElo "2440"]

1.e4 c5 2.Nf3 d6 3.d4 cxd4 4.Nxd4 Nf6 5.Nc3 a6 6.Be3 e6 7.f3 b5 8.g4 Bb7
9.Qd2 Qa5 10.Bd3 Nc6 11.Nb3 Qc7 12.g5 Nd7 13.f4 Be7 14.O-O-O Nc5 15.Kb1 O-O
16.f5 Rfe8 17.g6 hxg6 18.fxe6 fxe6 19.h4 Ne5 20.h5 gxh5 21.Rxh5 Nxb3 22.axb3 Bf6
23.Rf1 Qf7 24.Qh2 g6 25.Rh4 Rf8 26.Bg5 Qg7 27.Bh6 Qe7 28.Bg5 Qg7 29.Bh6 Qe7
30.Bxf8 Rxf8 31.Rh3 Bg7 32.Rh1 Kf7 33.Rh7 Ke8 34.Qg2 b4 35.Nd1 Rf7 36.Rf1 Kf8
37.Rhh1 a5 38.Rxf7+ Kxf7 39.Rf1+ Kg8 40.Qg3 Qd7 41.Qe3 Qc7 42.Qh3 Bc8 43.Ne3 a4
44.Rh1 axb3 45.Qh7+ Kf8 46.Rf1+ Nf7 47.cxb3  1-0

[Event "Espoo op"]
[Site "Espoo"]
[Date "1993.??.??"]
[Round "3"]
[White "Alava, Mikko"]
[Black "Slekys, Emilis"]
[Result "0-1"]
[WhiteElo "2295"]
[BlackElo "2395"]

1.e4 c5 2.Nf3 d6 3.d4 cxd4 4.Nxd4 Nf6 5.Nc3 a6 6.Be3 e6 7.Be2 Nc6 8.O-O Be7
9.f4 Qc7 10.Kh1 O-O 11.Qe1 Bd7 12.Qg3 b5 13.a3 Rfe8 14.Bd3 g6 15.Rae1 Bf8
16.e5 Nh5 17.Qf2 f5 18.exf6 Nxf6 19.Qh4 Bg7 20.Nf3 Rf8 21.Ng5 d5 22.Bc5 Rfe8
23.Rf3 Nd8 24.Bd4 Bc6 25.Ne2 Qe7 26.Rh3 Nh5 27.g4 Bxd4 28.gxh5 Bg7 29.Qg4 e5
30.Ng3 Bd7 31.f5 h6 32.Nh7  0-1

[Event "Espoo op"]
[Site "Espoo"]
[Date "1993.??.??"]
[Round "6"]
[White "Pulkkinen, Kari"]
[Black "Slekys, Emilis"]
[Result "1-0"]
[WhiteElo "2265"]
[BlackElo "2395"]

1.e4 c5 2.Nf3 d6 3.d4 cxd4 4.Nxd4 Nf6 5.Nc3 a6 6.Be3 e5 7.Nf3 Be6 8.Ng5 Qc7
9.Nxe6 fxe6 10.Qf3 Qc6 11.O-O-O Be7 12.g4 Nfd7 13.g5 Nf8 14.h4 Nbd7 15.h5 b5
16.Bh3 b4 17.Ne2 Nc5 18.Ng3 g6 19.hxg6 hxg6 20.Bxe6 Rxh1 21.Bf7+ Kd8 22.Rxh1 Rc8
23.Kb1 Nce6 24.Qe2 Nf4 25.Qd2 a5 26.Bd5 Nxd5 27.exd5 Qb7 28.Ne4 a4 29.f4 b3
30.Qa5+ Ke8 31.Qxa4+  1-0